[Event "Oslo op ELO"]
[Site "Oslo"]
[Date "2011.10.02"]
[Round "5"]
[White "Ali, Karim"]
[Black "Knudsen, Ragnar"]
[Result "1/2-1/2"]
[WhiteElo "1787"]
[BlackElo "2007"]
[PlyCount "66"]
[EventDate "2011.10.02"]
[EventType "swiss"]
[EventRounds "9"]
[EventCountry "NOR"]
[SourceTitle "EXT 2023"]
[Source "ChessBase"]
[SourceDate "2022.10.05"]
[SourceVersion "1"]
[SourceVersionDate "2022.10.05"]
[SourceQuality "1"]

1. e4 d5 2. exd5 Qxd5 3. Nc3 Qd6 4. d4 Nf6 5. Nb5 Qd8 6. Bf4 Nd5 7. Bg3 c6 8. Nc3 Qa5 9. Qd2 e6 10. Ne4 Nb4 11. c3 Qd5 12. cxb4 Qxe4+ 13. Be2 a5 14. bxa5 c5 15. Bxb8 Rxb8 16. Nf3 cxd4 17. 0-0 Bd7 18. Rfe1 Rd8 19. a3 Be7 20. Rac1 Bf6 21. b4 Qd5 22. Rc5 Qd6 23. Qc2 Bc6 24. Bd3 h6 25. b5 Bd5 26. Nd2 Be7 27. Rxd5 Qxd5 28. a4 0-0 29. Be4 Qd7 30. Qb3 Bg5 31. Nf3 Bf6 32. Nd2 Bg5 33. Nf3 Bf6 1/2-1/2